Score 0/15 Timer 04:00
10 Plays Today
% Correct
Mississippi
92.8%
Ohio
90.1%
Sacramento
89.6%
Tennessee
87.3%
Rio Grande
86%
Colorado
83%
Hudson
81.6%
Missouri
81.2%
% Correct
Savannah
79.5%
Connecticut
75.5%
Arkansas
75%
Snake
74.4%
Red
69.7%
Columbia
68.9%
Platte
67.1%
Remove Ads.
Support Sporcle.
Get the best of Sporcle when you Go Orange. This ad-free experience offers more features, more stats, and more fun while also helping to support Sporcle. Thank you for becoming a member.

You're not logged in!

Compare scores with friends on all Sporcle quizzes.
OR
Log In

Show Comments

Extras

Top Quizzes Today


Score Distribution

Your Account Isn't Verified!

In order to create a playlist on Sporcle, you need to verify the email address you used during registration. Go to your Sporcle Settings to finish the process.

Report this User

Report this user for behavior that violates our Community Guidelines.

Details: